| 000 | 00360nam a2200145Ia 4500 | ||
|---|---|---|---|
| 008 | 220216s9999 xx 000 0 und d | ||
| 100 | _aGent A N | ||
| 245 | 0 | _aDevelopments in engineering applications of rubber | |
| 260 |
_bRubber Developments _c1961 |
||
| 300 | _a82-87 | ||
| 650 | _aRubber | ||
| 700 | _aLindley P B | ||
| 700 | _aMullins L | ||
| 942 | _cJS | ||
| 999 |
_c57092 _d57092 |
||